000 03869nam a22003377a 4500
003 DO-SdBNP
005 20210420123857.0
008 171110b 2005 dr| 00| 0 spa d
020 _a9993439428
040 _aBPMSU
_bspa
_cBPMSU
082 _a410
_bC422e
_222
092 _a
_b
100 1 _aCéspedes, Diógenes,
_d1941-
245 1 0 _aEnsayos sobre lingüística, poética y cultura /
_cDiógenes Céspedes.
250 _a2a ed.
260 _aSanto Domingo :
_bLa Trinitaria ;
_c2005.
300 _a475 p. ;
_c23 cm.
500 _aIncluye referencias bibliográficas y notas al pie de las páginas
500 _aIncluye datos biográficos del autor en las solapas
505 0 _aPresentación -- Introducción -- Lingüística -- La semiótica no se ocupa de textos literarios -- Pedro Henríquez Ureña sí leyó a Saussure -- La prueba definitiva de que Pedro Henríquez Ureña leyó a Saussure -- Poética -- El riesgo de la poética de Rafael Catalá -- ¿Es Balaguer poeta? -- Introducción a una antología valorativa de textos literarios dominicanos (1900-1991) -- El ritmo : ideas y prácticas en seis escritores del Caribe e Hispanoamérica -- El entremés de Cristobal de Llerena íntegro por primera vez en la prensa -- La cuentística de Miguel Phipps o la transición entre dos culturas -- Los héroes de la generación X -- La literatura de la generación X -- La estrategia política del grupo poético del 48 -- Retratos contemporáneos. Henri Meschonnic : la influencia de su poética -- Retratos contemporáneos : Octavio Paz (1914-98) : entre la fe y el conocimiento -- Las imágenes del haitiano en la literatura dominicana -- La crítica literaria francesa y su influjo en la República Dominicana -- Balaguer, ¿padre de la democracia y la poesía? -- Joaquín Balaguer : el círculo de una vida literaria -- Juan Bosch : un ensayista de su tiempo -- Juan Bosch: un escritor para siempre -- La ética de pensar es práctica individual del sujeto -- Situación de la crítica literaria dominicana hasta el 2002 -- La poética de Gastón F. Deligne -- La poética de Federico Bermúdez -- El valor literario como problema en el discurso filosófico de Juan Francisco Sánchez -- Música popular (Sin partituras ) -- Apuntes sobre la función ideológica del bolero -- Lectura semántica de algunos boleros -- El flamenco : música nacional de España (Esquema para un programa radial) 296 -- Investigación y revalorización del merengue -- Una joya de disco compacto -- Brito el grande -- Brito, la voz -- Brito : el poema en la canción -- Brito, romanzas famosas -- Brito, romanzas famosas, y punto -- Eduardo Brito en CD -- Brito, canciones y contexto epocal -- Tito Cánepa, vivencias de un pintor -- Juan Luis Guerra y el riesgo de la creatividad -- Silvio Rodríguez, más allá de la función ideológica -- El jazz blanco de Kenny Neal -- Sistemas de signos : dándoles palos a los palos -- El jazz dominicano : entre la creatividad y la búsqueda de estatus social -- Filosofía del bolero -- Miguel Holguín Veras corrige el álbum Cerón-Contín Aybar -- La bachata : una visión personal 400 -- Cultura -- Notas para un comentario sobre los posmoderno -- Crítica al racionalismo del posmodernismo -- La ausencia de cultura popular en el discurso tradicional sobre la dominicanidad -- El deporte como cultura (Sosa y McGwire : calidad y competitividad en un mundo de identidades cambiantes) -- ¿Existe nación dominicana?.
590 _6Inventariado, 2021/VM
650 4 _aLingüística
_vEnsayos, conferencias, etc.
650 4 _aEnsayos dominicanos
650 4 _aAutores dominicanos
_vEnsayos, conferencias, etc
650 4 _aLenguaje y cultura.
650 4 _a Literatura dominicana
910 _aVMateo
942 _2ddc
_cBK
945 _aInventariado, 2018 /LP
956 _aBTAVAREZ
_b10
_c20171110
_d0038
999 _c12846
_d12846